000
00283nam a22001337a 4500
008
181019b xxu||||| |||| 00| 0 eng d
020
_a
9780070939868
041
_a
eng
080
_2
6th
_a
339.138
100
_a
60
101
_a
MKT
245
_a
Marketing
_c
Crane
942
_2
udc
_c
BK
999
_c
50268
_d
50268